Statistics for Guess the lyrics (#93)

Click here to take the quiz!

General Stats

  • This quiz has been taken 96 times
  • The average score is 92 of 181

Answer Stats

answer% Correct
I
95%
you
95%
you,
95%
a
94%
the
82%
and
77%
And
77%
be
77%
on
77%
me
76%
your
74%
do
73%
in
72%
to
72%
when
71%
no
70%
can
68%
that
67%
of
66%
go
65%
so
65%
So
65%
are
62%
what
61%
it,
60%
it
60%
see
60%
for
57%
If
57%
You're
57%
you're
57%
know
56%
know?
56%
one
55%
can't
54%
not
52%
like
50%
I'm
49%
but
46%
But
46%
want
46%
girl,
43%
girl
43%
it's
43%
eyes
41%
look
40%
Take
40%
take
40%
Does
38%
mean
38%
out?
38%
down,
37%
baby
34%
Now
34%
with
34%
think
33%
give
32%
mother
32%
way
32%
only
29%
That's
29%
There's
29%
smile
28%
Smile,
28%
Well
28%
couldn't
24%
little,
24%
chance
22%
face
22%
pretty
22%
easy
21%
easy,
21%
hot,
21%
child
20%
dance
20%
nice
20%
something
20%
Ah,
18%
chick
18%
fun
18%
style
18%
young
18%
kind
17%
slow
17%
Try
17%
cool
16%
funny
16%
maybe
16%
seem
16%
teasing
15%
Better
13%
cute,
13%
feelings
13%
Flirt
13%
read
13%
chat
12%
flash
12%
honey
12%
blue,
11%
driving
11%
wild
11%
searching
10%

Score Distribution

Percentile by Number Answered

Percent of People with Each Score

Your Score History

You have not taken this quiz